Pakoštane, Croatia - General Knowledge - Statistics

General Stats
  • This quiz has been taken 11 times
  • The average score is 7 of 15
Answer Stats
Hint Answer % Correct
Pakoštane is located in this county/županija Zadar
100%
It touches this sea Adriatic Sea
89%
This Homeland War general is from Pakoštane Ante Gotovina
78%
Vrana
78%
These smaller villages belong to the municipality/općina Pakoštane Drage
67%
First mention of Pakoštane was in this century 15th
56%
Vrgada
56%
Pakoštane played a key role in wars against this muslim peoples Ottomans
33%
Veli Školj
33%
Name of the football pitch in Pakoštane Krč
22%
Main feast in Pakoštane Križi
22%
The only mayor of Pakoštane so far Milivoj Kurtov
22%
Sveta Juština
22%
These three islands are symbols of Pakoštane Babuljaš
11%
This hill overlooks Pakoštane Kostelj
11%
No matching quizzes found
Score Distribution
Percent of People with Each Score
Percentile by Number Answered
Your Score History
You have not taken this quiz